banner-ar

PERSPECTIVE ON MARKETING MANAGEMENT Vol:3 / (Record no. 14386)

MARC details
000 -الفاتح
حقل البيانات ثابتة الطول 00459nam a2200169Ia 4500
008 - عناصر البيانات ثابتة الطول - معلومات عامة
حقل البيانات ثابتة الطول 140319s9999 xx 000 0 eng d
040 ## - مصدر الفهرسة
وكالة الفهرسة الأصلية GCL /
وكالة النسخ GCL
082 04 - رقم تصنيف ديوى العشرى
رقم التصنيف 658.8
رقم المادة B P
100 1# - المدخل الرئيسى - إسم شخصى
الإسم الشخصى PRODUCTION MANAGEMENT
245 10 - بيان العنوان
العنوان PERSPECTIVE ON MARKETING MANAGEMENT Vol:3 /
بيان المسئوليه,etc PRODUCTION MANAGEMENT
260 ## - PUBLICATION, DISTRIBUTION, ETC. (IMPRINT)
تاريخ النشر أو التوزيع 1993
300 ## - الوصف المادى
التعداد 429 P
650 04 - المدخل الاضافى بالموضوع-مصطلح موضوعى
مصطلح موضوعي MARKETING
650 04 - المدخل الاضافى بالموضوع-مصطلح موضوعى
مصطلح موضوعي STRATEGY
942 ## - عناصر المدخل الإضافي( كوها)
مصدر التصنيف او مخطط الترفيف Dewey Decimal Classification
Koha [default] item type كتاب
260 ## - PUBLICATION, DISTRIBUTION, ETC. (IMPRINT)
-- [S.N] :
-- JOHN WILEY AND SONS. INC ،
Holdings
حالة التراجع حالة الفقد حالة تلف ليس للاعارة المكان المؤقت الموقع الحالى تاريخ الاكتساب اجمالي اﻻعارات رقم الطلب الباركود تاريخ اخر مشاهدة تاريخ تفعيل السعر نوع وعاء كوها
        مكتبة القاهرة الكبرى مكتبة القاهرة الكبرى 03/26/2014   658.8\B P 27036 03/26/2014 03/26/2014 كتاب

Powered By

EGPV